000 00314nam a2200133Ia 4500
005 20260328104326.0
008 260328s9999||||xx |||||||||||||| ||und||
100 _aValéry, Paul
245 0 _aEupalinos o el Arquitecto /
_cPaul Valéry
260 _bMurcia
300 _a109 p.
650 _aTEORÍA
942 _cBK
999 _c11553
_d11553